| 000 | | | 05670nac2a22003493x 450 |
| 001 | | | 5019a056-5334-4796-a28f-e3e1549de1d5 |
| 005 | | | 20240819141842.0 |
| 100 | ## | $a | 20240716l1879 k y0rusy50 ca |
| 101 | 0# | $a | rus |
| 102 | ## | $a | RU |
| 105 | ## | $a | y z ||||| |
| 122 | 0# | $a | d18790309 |
| 200 | 1# | $a | Докладная записка церковного попечительства о бедных армянах в г. Астрахани генерал-губернатору Астраханскому, Саратовскому и Самарскому М. Т. Лорис-Меликову о необходимости обмена четырехпроцентных денежных билетов на пятипроцентные банковские билеты |
| | $j | 09.03.1879 |
| 215 | ## | $a | 3 листа |
| | $d | 37 х 24,8 |
| 251 | ## | $c | Дело |
| 300 | ## | $a | Заголовок дела на папке: Докладная записка церковного попечительства о бедных армянах в г. Астрахани г.-губернатору Астраханской, Саратовской и Самарской губерний М. Т. Лорис-Меликову о необходимости обмена 4% денежных билетов на 5% банковых билетов |
| 300 | ## | $a | Рукописный текст |
| 325 | ## | $a | Замикрофильмировано |
| 330 | ## | $a | Входит в раздел описи: Материалы по Астраханскому, Саратовскому и Самарскому генерал-губернаторству Лорис-Меликова М. Т. 02.02.1879 - 02.05.1879 |
| 461 | #0 | $1 | 001cda3d175-ae4a-411a-8dea-9cc20fb178f6 |
| | $1 | 2001 |
| | $a | Лорис-Меликов Михаил Тариелович, граф, министр внутренних дел, главный начальник "верховной распорядительной комиссии по охранению государственного порядка и общественного спокойствия", генерал от кавалерии |
| | $1 | 251 |
| | $c | Фонд |
| | $1 | 852 |
| | $j | 569 |
| 462 | #0 | $1 | 001163e060a-d7cc-404d-90ee-e28c9801971b |
| | $1 | 2001 |
| | $a | Опись дел фонда М. Т. Лорис-Меликова за 1858-1915 гг. |
| | $v | Д. 12 |
| | $1 | 251 |
| | $c | Опись |
| | $1 | 852 |
| | $j | 1 |
| 517 | 1# | $a | Докладная записка церковного попечительства о бедных армянах в г. Астрахани г.-губернатору Астраханской, Саратовской и Самарской губерний М. Т. Лорис-Меликову о необходимости обмена 4% денежных билетов на 5% банковых билетов |
| 600 | #1 | $a | Лорис-Меликов |
| | $b | М. Т. |
| | $g | Михаил Тариелович |
| 601 | 02 | $a | Астраханский, Саратовский и Самарский генерал-губернатор |
| 605 | ## | $3 | DITM\AF\0000002775 |
| | $a | Власть |
| | $l | коллекция |
| | $2 | acquisition_prlib |
| 607 | ## | $a | Астрахань, город |
| 610 | 1# | $a | Церковное попечительство |
| | $a | Денежные билеты |
| | $a | Банковые билеты |
| 686 | ## | $a | 63.3(2)535-332ю1 |
| | $c | История |
| | $2 | rubbk |
| 686 | ## | $a | 67.400.6ю1 |
| | $c | Право |
| | $2 | rubbk |
| 801 | #0 | $a | RU |
| | $b | GA_RF |
| 801 | #1 | $a | RU |
| | $b | ГлавНИВЦ |
| | $c | 20240716 |
| | $2 | rusmarc |
| 801 | #2 | $a | RU |
| | $b | ПБ им. Б.Н. Ельцина |
| | $c | 20240819 |
| | $g | RCR |
| | $2 | rusmarc |
| 852 | ## | $a | ГА РФ |
| | $j | 12 |
| 937 | ## | $d | 193615562 |
| | $h | ГАРФ |
| 035 | ## | $a | RuPRLIB51076362 |
| 856 | ## | $u | http://readingroom.main.prlib.ru/item.aspx?id_node=n193615562&mode=full |